000 01118nam a2200265 a 4500
003 BLK
005 20250714094414.0
008 220208b bu |||||r|||| 00| | bu d
020 _a9786197540192
040 _aBLK
041 _aBUL
_cBUL
080 _aБългарска литература
_b821.163.2
_x-32
_z821.163.2-32
100 _9402445
_aХаджииванова, Красимира
_eпърви автор
139 _aВиж сега, моето момиче
_bВ 57
245 _aВиж сега, моето момиче
_bСборник с разкази
_cКрасимира Хаджииванова и др. ; предг. Гери Турийска
257 _aBGR
260 _9220581
_aСофия
_bПощенска кутия за приказки
_c2023
_n978-619-90828- ; 978-619-90421-
300 _a148 с.
_c21 см
380 _aX
500 _aИмената на авт. отбелязани на гърба на кор.
700 1 _9131807
_aТурийска, Гери
_eпредг.
856 _i0.00
_ldisable
942 _cKNG
_n0
_s1
_030
999 _c490344
_d490344
944 _k30531
_lЦветелина Шанова